000 005050000a22001810004500
041 0 _aSPA
082 0 4 _aG 234.161 E576h
100 1 _aEngen, Carlos Van (Charles)
245 1 0 _aHijos del Pacto : Perdón, conversión y misión en el bautismo / Carlos Van Engen
260 _aGrand Rapids, MI., USA : TELL
300 _a157 Pag
650 1 4 _aBAUTISMO
001 4214
942 _cBK
999 _c34825
_d34825
336 _atexto
_btxt
_2rdacontent
337 _2rdamedia
_asin mediación
_bn
338 _2rdacarrier
_avolumen
_bnc